Richest County In Every US State - Statistics

General Stats
  • This quiz has been taken 34 times
  • The average score is 8 of 50
Answer Stats
US State Answer % Correct
Hawaii $92,600 Honolulu
33%
West Virginia $86,711 Jefferson
33%
Washington $106,326 King
33%
Virginia $156,821 Loudoun
33%
Arizona $72,944 Maricopa
33%
New York $126,576 Nassau
33%
Oregon $92,025 Washington
33%
Ohio $116,284 Delaware
30%
Maryland $129,549 Howard
30%
Iowa $93,492 Dallas
26%
Colorado $127,443 Douglas
26%
Pennsylvania $109,969 Chester
22%
New Mexico $123,677 Los Alamos
22%
California $140,258 Santa Clara
22%
Utah $116,351 Summit
22%
Georgia $120,999 Forsyth
19%
Kansas $96,059 Johnson
19%
Mississippi $74,688 Madison
19%
North Carolina $88,471 Wake
19%
Tennessee $116,492 Williamson
19%
Connecticut $101,194 Fairfield
15%
Indiana $104,858 Hamilton
15%
New Jersey $123,727 Morris
15%
Massachusetts $116,571 Nantucket
15%
Delaware $78,428 New Castle
15%
New Hampshire $101,683 Rockingham
15%
Wyoming $94,498 Teton
15%
Idaho $75,837 Teton
15%
Wisconsin $94,310 Waukesha
15%
Rhode Island $95,102 Bristol
11%
Illinois $101,816 Kendall
11%
South Dakota $87,560 Lincoln
11%
South Carolina $74,199 Beaufort
7%
Arkansas $76,887 Benton
7%
Michigan $88,908 Livingston
7%
Texas $111,595 Rockwall
7%
Missouri $91,792 St. Charles
7%
Florida $88,794 St. Johns
7%
Oklahoma $76,973 Canadian
4%
Maine $80,679 Cumberland
4%
Nevada $92,543 Lander
4%
Kentucky $109,815 Oldham
4%
Nebraska $88,408 Sarpy
4%
Minnesota $109,031 Scott
4%
Alabama $82,592 Shelby
4%
Alaska $90,708 Aleutians West Census Area
0%
Louisiana $86,256 Ascension
0%
North Dakota $97,802 Burke
0%
Montana $83,750 Fallon
0%
Vermont $85,154 Grand Isle
0%
No matching quizzes found
Score Distribution
Percent of People with Each Score
Percentile by Number Answered
Your Score History
You have not taken this quiz